Delivering an urban renaissance (Record no. 65509)

MARC details
000 -LEADER
fixed length control field 00944cam a2200241 4500
001 - CONTROL NUMBER
control field ABS63240
008 - FIXED-LENGTH DATA ELEMENTS--GENERAL INFORMATION
fixed length control field 000000n2000 000 0 eng u
035 ## - SYSTEM CONTROL NUMBER
System control number (Sirsi) u109756
100 ## - MAIN ENTRY--PERSONAL NAME
Personal name Dewar, D
245 ## - TITLE STATEMENT
Title Delivering an urban renaissance
260 ## - PUBLICATION, DISTRIBUTION, ETC.
Date of publication, distribution, etc. 2000
490 ## - SERIES STATEMENT
Series statement Planning (for the Natural and Built Environment)
Volume/sequential designation (1396) 24 November 2000, 10(1)
520 ## - SUMMARY, ETC.
Summary, etc. Discusses how the urban white paper aims to deliver urban renewal through a number of planning, urban design and financial measures. Outlines the key proposals and the itinerary for the next two years. "Our towns and citIes: the future" can be viewed at http://www.regeneration.detr.gov.uk/policies/ourtowns/index.htm.
590 ## - LOCAL NOTE (RLIN)
Local note ABS
650 ## - SUBJECT ADDED ENTRY--TOPICAL TERM
Topical term or geographic name entry element URBAN WHITE PAPER
650 ## - SUBJECT ADDED ENTRY--TOPICAL TERM
Topical term or geographic name entry element URBAN POLICY
650 ## - SUBJECT ADDED ENTRY--TOPICAL TERM
Topical term or geographic name entry element SUSTAINABLE DEVELOPMENT
650 ## - SUBJECT ADDED ENTRY--TOPICAL TERM
Topical term or geographic name entry element PLANNING
650 ## - SUBJECT ADDED ENTRY--TOPICAL TERM
Topical term or geographic name entry element URBAN RENEWAL
650 ## - SUBJECT ADDED ENTRY--TOPICAL TERM
Topical term or geographic name entry element URBAN DESIGN
690 ## - LOCAL SUBJECT ADDED ENTRY--TOPICAL TERM (OCLC, RLIN)
Topical term or geographic name as entry element REGENERATION
942 ## - ADDED ENTRY ELEMENTS (KOHA)
Suppress in OPAC 0
Holdings
Withdrawn status Lost status Source of classification or shelving scheme Damaged status Not for loan Home library Current library Shelving location Date acquired Total Checkouts Full call number Barcode Date last seen Copy number Price effective from Koha item type
    Dewey Decimal Classification     London London Journal article 05/12/2000   ABS63240 109756-1001 06/08/2019 1 06/08/2019 Journal article